Big Words of Virginia Quiz Stats

Quiz not verified by Sporcle

Challenge
Share
Tweet
Embed
Score 0/24 Timer 08:00
0 Plays Today
County Place % Correct
indep. CityCharlottesville
81.8%
indep. CityFredericksburg
54.5%
indep. CityHarrisonburg
54.5%
indep. CityWilliamsburg
45.5%
MontgomeryChristiansburg
36.4%
AccomackChincoteague
18.2%
GraysonIndependence
18.2%
indep. CityMartinsville
18.2%
LoudounPurcellville
18.2%
AccomackTemperanceville
9.1%
GreeneStanardsville
9.1%
Louisa, OrangeGordonsville
9.1%
County Place % Correct
HenricoChamberlayne
9.1%
LoudounLovettsville
9.1%
AccomackGreenbackville
0%
HanoverMechanicsville
0%
BrunswickLawrenceville
0%
HenryCollinsville
0%
AugustaFishersville
0%
ScottNickelsville
0%
GreeneRuckersville
0%
AccomackWachapreague
0%
EssexTappahannock
0%
King GeorgePassapatanzy
0%

You're not logged in!

Compare scores with friends on all Sporcle quizzes.
Sign Up with Email
OR
Log In

You Might Also Like...

Show Comments

Extras

Top Quizzes Today


Score Distribution

Your Account Isn't Verified!

In order to create a playlist on Sporcle, you need to verify the email address you used during registration. Go to your Sporcle Settings to finish the process.